| 000 | 00562nam a2200229 a 4500 | ||
|---|---|---|---|
| 999 |
_c5384 _d5384 |
||
| 001 | 5384 | ||
| 003 | BD-JhCC | ||
| 005 | 20171213183852.0 | ||
| 008 | 171213s19871998bg |||| || | 000 0 eng d | ||
| 035 | _a(BD-JhCC)5384 | ||
| 040 |
_aBD-JhCC _dBD-JhCC |
||
| 041 | _aeng | ||
| 082 |
_a618 _bKHA 1998 |
||
| 100 | _aKhaled, Angir | ||
| 245 |
_aObstetrics & Gyneacology / _cAngir Khaled, |
||
| 260 |
_aDhaka : _bMillers Prakashoni, _c1998. |
||
| 300 |
_a445 p. : _c24 cm. |
||
| 650 | _aObstetrics | ||
| 650 | _aGyneacology | ||
| 942 |
_2ddc _cBK |
||